Bosphorus private : (Record no. 24608)

MARC details
000 -BAŞLIK
Sabit Uzunluktaki Kontrol Alanı 00721nam a22002177a 4500
003 - KONTROL NUMARASI KİMLİĞİ
Kontrol Alanı KOHA_MİRAKIL
005 - EN SON İŞLEM TARİHİ ve ZAMANI
Kontrol Alanı 20230604092113.0
008 - SABİT UZUNLUKTAKİ VERİ ÖGELERİ - GENEL BİLGİ
Sabit Alan 230604b tu ||||| |||| 00| 0 tur d
020 ## - ISBN - ULUSLARARASI STANDART KİTAP NUMARASI
Isbn 9781614286516
041 ## - DİL KODU
Metin ya da ses kaydının dil kodu eng
050 0# - SINIFLAMA ve YER NUMARASI
Sınıflama Numarası DR 718 .K6
Yer Numarası B67 2018
100 ## - KİŞİ ADI
Yazar Adı (Kişi adı) Koç, Nevbahar.
245 10 - ESER ADI BİLDİRİMİ
Başlık Bosphorus private :
Alt Başlık lifestyle on Istanbul's magical waterway
Sorumluluk Bildirimi photography by Emre Güven.
260 ## - YAYIN, DAĞITIM, VB.
Yayın Yeri New York :
Yayınevi Assouline,
Yayın Tarihi 2018.
300 ## - FİZİKSEL TANIMLAMA
Sayfa, cilt vb.sayısı 279 pages :
Diğer fiziki detaylar chiefly colour photographs ;
Boyutları 33 cm.
500 ## - GENEL NOT
Genel Not Gift of Cem Ertekin.
650 #0 - KONU BAŞLIĞI EK GİRİŞ - KONU TERİMİ
9 (RLIN) 21320
Konusal terim veya coğrafi ad Black Sea -- Bosphorus.
650 #0 - KONU BAŞLIĞI EK GİRİŞ - KONU TERİMİ
9 (RLIN) 21321
Konusal terim veya coğrafi ad Bosphorus -- Turkey -- Pictorial works.
700 1# - KONU BAŞLIĞI EK GİRİŞİ - KİŞİ ADI
Yazar Adı (Kişi adı) Kınay, İrem.
İlişkili Terim author.
942 ## - EK GİRİŞ ÖGELERİ (KOHA)
Sınıflama Kaynağı veya Raf Düzeni Library of Congress Classification
Koha item type Books
Holdings
Geri Çekilme Durumu Kayıp Durumu Sınıflandırma Kaynağı Hasarlı Durumu Kredi için değil Kalıcı Konum Mevcut Konum Alındığı Tarih Toplam Ödünçverme Yer Numarası Demirnaş Numarası Son Görülme Tarihi Fatura Tarihi Materyal Türü
    Library of Congress Classification     Vitali Hakko Kreatif Endüstriler Kütüphanesi Vitali Hakko Kreatif Endüstriler Kütüphanesi 06/04/2023   DR 718 .K6 B67 2018 012914 06/04/2023 06/04/2023 Books